ბათუმის შოთა რუსთაველის სახელმწიფო უნივერსიტეტის ბიბლიოთეკა

Действительная проективная плоскость. The Real Projective Plane. (ბიბ.ჩანაწერი № 39105)

000 -LEADER
fixed length control field 00744nam a2200205Ia 4500
001 - CONTROL NUMBER
control field 5680
003 - CONTROL NUMBER IDENTIFIER
control field GE_BSU
008 - FIXED-LENGTH DATA ELEMENTS--GENERAL INFORMATION
fixed length control field 181216s||||||||xx |||||||||||||| ||und||
040 ## - CATALOGING SOURCE
Transcribing agency GE_BSU
080 ## - UNIVERSAL DECIMAL CLASSIFICATION NUMBER
Universal Decimal Classification number 514.18
100 ## - MAIN ENTRY--PERSONAL NAME
Personal name Кокстер Х.С.М.
245 ## - TITLE STATEMENT
Title Действительная проективная плоскость. The Real Projective Plane.
245 ## - TITLE STATEMENT
Statement of responsibility, etc. Пер. с английского Т.В. Солнцевой. Под. Ред. А.А. Глаголева.
260 ## - PUBLICATION, DISTRIBUTION, ETC.
Place of publication, distribution, etc. Москва
260 ## - PUBLICATION, DISTRIBUTION, ETC.
Name of publisher, distributor, etc. Госиздат физ.-мат. лит-ры
260 ## - PUBLICATION, DISTRIBUTION, ETC.
Date of publication, distribution, etc. 1959
300 ## - PHYSICAL DESCRIPTION
Extent 280 с. 21 см.
653 ## - INDEX TERM--UNCONTROLLED
Uncontrolled term Действительная проективная плоскость. The Real Projective Plane.
942 ## - ADDED ENTRY ELEMENTS (KOHA)
Koha item type წიგნი
ეგზემპლარები
Withdrawn status Lost status Damaged status Not for loan Date acquired Barcode Date last seen Price effective from Koha item type Public note
        2018-12-17 16400 2018-12-17 2018-12-17 წიგნი დარბაზი